| 000 | 00463nam a2200145Ia 4500 | ||
|---|---|---|---|
| 008 | 230917s9999||||xx |||||||||||||| ||und|| | ||
| 040 |
_e96874 _aMAIN |
||
| 041 | _aEnglish | ||
| 082 | _a668.38 I2P | ||
| 100 | _aIndia, Ministry of Science & Technology, Dept of Scientific and Industrial Research | ||
| 245 | 0 | _aPressure sensitive self adhesive tapes: a preliminary industry profile | |
| 260 |
_aNew Delhi _bGovt of India _c1992 |
||
| 300 | _a134 p. | ||
| 942 | _cBK | ||
| 999 |
_c82244 _d82244 |
||